Príčiny úpadku podniku a ich možnosti riešenia v insolvenčnom konaní diplomová práca

Gespeichert in:
Bibliographische Detailangaben
1. Verfasser: Lechnerová, Jana
Körperschaft: Podnikovohospodárska fakulta EU so sídlom v Košiciach. Katedra finančného riadenia podniku
Weitere Verfasser: Kmeťová, Oľga, 1959-
Format: Buch
Sprache:Slowakisch
Veröffentlicht: Košice 2018
Tags: Tag hinzufügen
Keine Tags, Fügen Sie das erste Tag hinzu!

MARC

LEADER 00000nbm a2200000 4500
001 0247212
005 20181019145943.7
041 0 |a slo 
044 |a SK 
245 1 0 |a Príčiny úpadku podniku a ich možnosti riešenia v insolvenčnom konaní  |b diplomová práca  |c Jana Lechnerová ; školiteľ: Oľga Kmeťová 
264 1 |a Košice  |c 2018 
300 |a 68 s. 
100 1 |a Lechnerová, Jana 
700 1 |a Kmeťová, Oľga, 1959- 
710 2 |a Podnikovohospodárska fakulta EU so sídlom v Košiciach. Katedra finančného riadenia podniku